| 000 | 00980nac a22002771u 4500 | ||
|---|---|---|---|
| 999 |
_c9797 _d9797 |
||
| 003 | EG-ScBUE | ||
| 005 | 20210524093005.0 | ||
| 008 | 200219s1995 ii f b 000 0deng d | ||
| 040 |
_aEG-ScBUE _beng _erda _cEG-ScBUE _dEG-ScBUE |
||
| 082 | 0 | 4 |
_a821.912 _bLAL _222 |
| 100 | 1 |
_aLall, Ramji, _eauthor. |
|
| 245 | 1 | 0 |
_aT. S. Eliot : _ban evaluation of his poetry / _cBy Ramji Lall, M.A. formerly principal, Dyal Singh College, New Delhi. |
| 264 | 1 |
_aDelhi : _bSurjeet Publications, _c1995. |
|
| 300 |
_aiv, 275 pages ; _c21 cm |
||
| 336 |
_2rdacontent _atext _btxt |
||
| 337 |
_2rdamedia _aunmediated _bn |
||
| 338 |
_2rdacarrier _avolume _bnc |
||
| 500 | _adistributer: Al-Ahram | ||
| 504 | _aIncludes bibliographical references. | ||
| 600 | 1 | 7 |
_aEliot, T. S. (Thomas Stearns), _d1888-1965 _xCriticism and interpretation. _2BUEsh |
| 650 | _2BUEsh | ||
| 651 | _2BUEsh | ||
| 653 |
_bHHUUEENN _cMay2021 |
||
| 655 |
_vReading book _934232 |
||
| 942 |
_cBB _k821.912ELI _2ddc |
||